[Event "Gibraltar ChallWk1 12th"]
[Site "Gibraltar"]
[Date "2014.01.27"]
[Round "1.20"]
[White "Lochte, Szilvia"]
[Black "Lercel, Michal"]
[Result "0-1"]
[WhiteElo "1951"]
[BlackElo "2150"]
[PlyCount "67"]
[EventDate "2014.01.27"]
[EventType "swiss"]
[EventRounds "5"]
[EventCountry "GGB"]
[SourceTitle "BritBase"]
[Source "www.saund.co.uk"]
[SourceDate "2018.02.10"]
[SourceVersion "1"]
[SourceVersionDate "2018.02.10"]
[SourceQuality "1"]

1. d4 Nf6 2. Nf3 g6 3. Bg5 Bg7 4. e3 O-O 5. Bd3 d6 6. h3 Nbd7 7. O-O Qe8 8. Nc3
c6 9. e4 e5 10. dxe5 dxe5 11. Bc4 b5 12. Bd3 Nc5 13. a3 Nh5 14. Re1 Ne6 15. Bh4
f6 16. Be2 Nef4 17. Kh2 Be6 18. Qd6 Rd8 19. Qc5 Rf7 20. Rad1 Rxd1 21. Rxd1 Bf8
22. Qe3 Qc8 23. Bf1 g5 24. Bg3 Ng6 25. Ne2 Ng7 26. Kg1 Be7 27. Nd2 Bd8 28. Nb3
Bb6 29. Qc3 Bc4 30. Na5 Bxe2 31. Bxe2 Ne7 32. Rd6 Qc7 33. Rxc6 Nxc6 34. Nxc6
0-1

[Event "Gibraltar ChallWk1 12th"]
[Site "Gibraltar"]
[Date "2014.01.27"]
[Round "1.21"]
[White "Byron, Alan M"]
[Black "Bucknell, Malcolm Gordon"]
[Result "1-0"]
[WhiteElo "2147"]
[BlackElo "1947"]
[PlyCount "96"]
[EventDate "2014.01.27"]
[EventType "swiss"]
[EventRounds "5"]
[EventCountry "GGB"]
[SourceTitle "BritBase"]
[Source "www.saund.co.uk"]
[SourceDate "2018.02.10"]
[SourceVersion "1"]
[SourceVersionDate "2018.02.10"]
[SourceQuality "1"]

1. c4 b6 2. Nc3 Bb7 3. d3 e6 4. e4 Bb4 5. Qc2 Ne7 6. a3 Bxc3+ 7. Qxc3 O-O 8.
Ne2 d5 9. Ng3 d4 10. Qc2 Nd7 11. Be2 f5 12. f3 f4 13. Nf1 Ng6 14. Rg1 a5 15.
Bd2 Nc5 16. O-O-O a4 17. Kb1 Nb3 18. Be1 Qd7 19. Nd2 Bc6 20. Nxb3 axb3 21. Qc1
Ra4 22. Rd2 Ra7 23. Bd1 Ba4 24. g3 b5 25. Rdg2 bxc4 26. dxc4 fxg3 27. Bxg3 c5
28. Qg5 Rc8 29. h4 Qe7 30. Qxe7 Rxe7 31. h5 Nf8 32. Be5 g6 33. Bd6 Rg7 34. Rg5
Nd7 35. hxg6 hxg6 36. Rxg6 Rxg6 37. Rxg6+ Kf7 38. Rg1 Rh8 39. Be2 e5 40. f4 Bc6
41. fxe5 Bxe4+ 42. Kc1 d3 43. Bg4 Ke8 44. Kd2 Nb6 45. Kc3 Rh2 46. Kxb3 Bc6 47.
Be6 Kd8 48. Bxc5 d2 1-0

[Event "Gibraltar ChallWk1 12th"]
[Site "Gibraltar"]
[Date "2014.01.27"]
[Round "1.22"]
[White "Andersen, Daniel"]
[Black "Faika, Michael"]
[Result "0-1"]
[WhiteElo "1941"]
[BlackElo "2147"]
[PlyCount "66"]
[EventDate "2014.01.27"]
[EventType "swiss"]
[EventRounds "5"]
[EventCountry "GGB"]
[SourceTitle "BritBase"]
[Source "www.saund.co.uk"]
[SourceDate "2018.02.10"]
[SourceVersion "1"]
[SourceVersionDate "2018.02.10"]
[SourceQuality "1"]

1. c4 e5 2. Nc3 f5 3. d4 exd4 4. Qxd4 Nc6 5. Qe3+ Be7 6. Nd5 Kf7 7. Nf3 h6 8.
Bd2 d6 9. O-O-O Nf6 10. h3 Re8 11. Rg1 Ne4 12. Be1 Bf6 13. Nxf6 Qxf6 14. Qb3
Be6 15. e3 b5 16. Nd4 Nxd4 17. exd4 Rab8 18. d5 Bd7 19. cxb5 a6 20. Kb1 Bxb5
21. Bxb5 Rxb5 22. Qa3 Reb8 23. b3 Nc3+ 24. Bxc3 Qxc3 25. Qb2 Rxb3 26. axb3 Rxb3
27. Rd2 Rxb2+ 28. Rxb2 Qd3+ 29. Rc2 Qb3+ 30. Kc1 Qxd5 31. Rxc7+ Kg8 32. g3 Qd4
33. Rc2 Qa1+ 0-1

[Event "Gibraltar ChallWk1 12th"]
[Site "Gibraltar"]
[Date "2014.01.27"]
[Round "1.23"]
[White "Karlsson, Jorgen"]
[Black "Mortensen, Henrik"]
[Result "1-0"]
[WhiteElo "2140"]
[BlackElo "1938"]
[PlyCount "87"]
[EventDate "2014.01.27"]
[EventType "swiss"]
[EventRounds "5"]
[EventCountry "GGB"]
[SourceTitle "BritBase"]
[Source "www.saund.co.uk"]
[SourceDate "2018.02.10"]
[SourceVersion "1"]
[SourceVersionDate "2018.02.10"]
[SourceQuality "1"]

1. Nc3 d5 2. d4 Nf6 3. Bg5 Nbd7 4. e3 g6 5. f4 Bg7 6. Bd3 c5 7. Nf3 Qb6 8. Rb1
O-O 9. h3 a6 10. Qd2 Re8 11. Qf2 Qd6 12. g4 b6 13. Bh4 Bb7 14. Bg3 Ne4 15. Bxe4
dxe4 16. f5 e5 17. dxc5 Qxc5 18. Nh4 b5 19. O-O Rf8 20. Ng2 Rac8 21. g5 f6 22.
fxg6 hxg6 23. Qd2 Nb6 24. gxf6 Rcd8 25. Qe2 Rxf6 26. Rxf6 Bxf6 27. Qg4 Kg7 28.
Rf1 Rf8 29. Rf2 Bc8 30. Qe2 Bxh3 31. Nxe4 Qe7 32. Nxf6 Rxf6 33. e4 Qc5 34. Qe3
Qxe3 35. Nxe3 Rxf2 36. Kxf2 Kf6 37. b3 Be6 38. Kf3 Nd7 39. Be1 Kg5 40. Bb4 Kh4
41. Be7+ Kh5 42. Nd5 Bg4+ 43. Ke3 Bd1 44. c4 1-0

[Event "Gibraltar ChallWk1 12th"]
[Site "Gibraltar"]
[Date "2014.01.27"]
[Round "1.24"]
[White "Krokay, Urszula"]
[Black "Allor, Chukwuka"]
[Result "0-1"]
[WhiteElo "1926"]
[BlackElo "2138"]
[PlyCount "72"]
[EventDate "2014.01.27"]
[EventType "swiss"]
[EventRounds "5"]
[EventCountry "GGB"]
[SourceTitle "BritBase"]
[Source "www.saund.co.uk"]
[SourceDate "2018.02.10"]
[SourceVersion "1"]
[SourceVersionDate "2018.02.10"]
[SourceQuality "1"]

1. e4 c5 2. Nf3 d6 3. c3 Nf6 4. h3 Nc6 5. Bd3 g6 6. O-O Bg7 7. Bc2 O-O 8. d4
Qc7 9. d5 Na5 10. Qe2 e6 11. dxe6 Bxe6 12. Bf4 Qb6 13. b3 Rfe8 14. Qd2 Rad8 15.
Bh6 Nc6 16. Bxg7 Kxg7 17. c4 Nd7 18. Nc3 Nde5 19. Nh2 Nd7 20. g4 f6 21. f4 Nd4
22. Nf3 Nxf3+ 23. Rxf3 Nb8 24. Rd3 Qa5 25. f5 Bg8 26. g5 Rf8 27. Rf1 fxg5 28.
Qxg5 Rf6 29. Rg3 Rdf8 30. Rd1 Qc7 31. Nb5 Qd8 32. Rgd3 Nc6 33. Qg3 Qe7 34. Rxd6
Rxd6 35. Nxd6 Ne5 36. Ne8+ Rxe8 0-1

[Event "Gibraltar ChallWk1 12th"]
[Site "Gibraltar"]
[Date "2014.01.27"]
[Round "1.25"]
[White "Amgalanbaatar, Ravdanlkhumbuu"]
[Black "Jorgensen, Line Jin"]
[Result "1-0"]
[WhiteElo "2137"]
[BlackElo "1925"]
[PlyCount "89"]
[EventDate "2014.01.27"]
[EventType "swiss"]
[EventRounds "5"]
[EventCountry "GGB"]
[SourceTitle "BritBase"]
[Source "www.saund.co.uk"]
[SourceDate "2018.02.10"]
[SourceVersion "1"]
[SourceVersionDate "2018.02.10"]
[SourceQuality "1"]

1. e4 e6 2. b3 e5 3. Bb2 Nc6 4. Nf3 d6 5. Be2 Nf6 6. Nc3 Be7 7. d4 Bg4 8. d5
Bxf3 9. Bxf3 Nd4 10. Ne2 Nxf3+ 11. gxf3 Qd7 12. Qd3 Rg8 13. O-O-O Nh5 14. Kb1
Bh4 15. Ng3 Nf4 16. Qf1 O-O-O 17. Bc1 Kb8 18. Nf5 Bf6 19. h4 h5 20. a4 g6 21.
Ne3 Ka8 22. Nc4 Rb8 23. Na5 Rgc8 24. Be3 Qe8 25. Rh2 Bd8 26. Nc4 Bf6 27. a5 Qd8
28. a6 b6 29. Na3 c5 30. dxc6 Rxc6 31. Qb5 Rbc8 32. Nc4 Ne2 33. Rd3 Nd4 34. Qd5
Qc7 35. Bxd4 exd4 36. f4 b5 37. Na3 Kb8 38. Qxb5+ Rb6 39. Qa4 d5 40. f3 Qxf4
41. Re2 dxe4 42. Rxe4 Qc7 43. Re8 Rxa6 44. Qxa6 Rxe8 45. Qb5+ 1-0

[Event "Gibraltar ChallWk1 12th"]
[Site "Gibraltar"]
[Date "2014.01.27"]
[Round "1.26"]
[White "Othman, Mustapha"]
[Black "Samu, Sorin-Mihai"]
[Result "0-1"]
[WhiteElo "1905"]
[BlackElo "2131"]
[PlyCount "119"]
[EventDate "2014.01.27"]
[EventType "swiss"]
[EventRounds "5"]
[EventCountry "GGB"]
[SourceTitle "BritBase"]
[Source "www.saund.co.uk"]
[SourceDate "2018.02.10"]
[SourceVersion "1"]
[SourceVersionDate "2018.02.10"]
[SourceQuality "1"]

1. e4 e6 2. d4 d5 3. Nd2 Nf6 4. e5 Nfd7 5. Bd3 c5 6. c3 Nc6 7. Ne2 Qb6 8. Nf3
Be7 9. O-O h6 10. Re1 cxd4 11. cxd4 a6 12. a3 Qd8 13. Nf4 g5 14. Nh5 Qb6 15. h3
Nxd4 16. Be3 Nxf3+ 17. Qxf3 Bc5 18. Ng7+ Ke7 19. Bxc5+ Qxc5 20. Rac1 Qb6 21.
Rc2 Rg8 22. Nh5 g4 23. hxg4 Rg5 24. Kh1 Qd4 25. Rec1 Rxh5+ 26. gxh5 Nxe5 27.
Qg3 Bd7 28. Rc7 Rd8 29. Be2 Qe4 30. f4 Qxe2 31. Qh4+ f6 32. fxe5 Qxe5 33. Rxb7
Rb8 34. Qb4+ Kf7 35. Rxd7+ Kg8 36. Qg4+ Qg5 37. Qxe6+ Kh8 38. Rf1 Qh4+ 39. Qh3
Qg5 40. Qc3 Rf8 41. Rf3 Qg4 42. Qc7 Qe4 43. Rxf6 Qh4+ 44. Kg1 Qxf6 45. Rh7+ Kg8
46. Rd7 Qf2+ 47. Kh2 Qh4+ 48. Kg1 Qd4+ 49. Kh2 Re8 50. Qg3+ Kh8 51. Rh7+ Kxh7
52. Qg6+ Kh8 53. Qxe8+ Kg7 54. Qg6+ Kf8 55. Qxh6+ Ke7 56. Qh7+ Ke6 57. Qg6+ Kd7
58. Qh7+ Kc6 59. Qc2+ Kb5 60. Qe2+ 0-1

[Event "Gibraltar ChallWk1 12th"]
[Site "Gibraltar"]
[Date "2014.01.27"]
[Round "1.27"]
[White "Burrows, Martin P"]
[Black "Perez Cameselle, Francisco"]
[Result "1-0"]
[WhiteElo "2126"]
[BlackElo "1847"]
[PlyCount "83"]
[EventDate "2014.01.27"]
[EventType "swiss"]
[EventRounds "5"]
[EventCountry "GGB"]
[SourceTitle "BritBase"]
[Source "www.saund.co.uk"]
[SourceDate "2018.02.10"]
[SourceVersion "1"]
[SourceVersionDate "2018.02.10"]
[SourceQuality "1"]

1. e4 e6 2. d4 d5 3. Nc3 Nf6 4. Bg5 dxe4 5. Nxe4 Be7 6. Bxf6 Bxf6 7. Nf3 O-O 8.
Qd2 b6 9. c3 Bb7 10. Bd3 Nd7 11. O-O-O Qe7 12. Kb1 c5 13. g4 g6 14. h4 cxd4 15.
cxd4 Bg7 16. Rh3 Nf6 17. Nxf6+ Bxf6 18. Qf4 Bxf3 19. Rxf3 Bxh4 20. Rh3 Qf6 21.
Qh6 Rad8 22. Rxh4 Qg7 23. Qxg7+ Kxg7 24. Bc4 Rd6 25. g5 Rfd8 26. Bb3 b5 27. Kc2
a5 28. a3 R8d7 29. Kd3 f6 30. gxf6+ Kxf6 31. Ke3 h5 32. Rf4+ Kg7 33. Re4 Kf6
34. Rc1 b4 35. a4 g5 36. Rh1 h4 37. f4 Rh7 38. fxg5+ Kxg5 39. Rxe6 Rd8 40. Bc2
Rhd7 41. Rg1+ Kh5 42. Bd1# 1-0

[Event "Gibraltar ChallWk1 12th"]
[Site "Gibraltar"]
[Date "2014.01.27"]
[Round "1.29"]
[White "Mihajlov, Svetoslav"]
[Black "Tarr, Steve F"]
[Result "1-0"]
[WhiteElo "2112"]
[BlackElo "1728"]
[PlyCount "75"]
[EventDate "2014.01.27"]
[EventType "swiss"]
[EventRounds "5"]
[EventCountry "GGB"]
[SourceTitle "BritBase"]
[Source "www.saund.co.uk"]
[SourceDate "2018.02.10"]
[SourceVersion "1"]
[SourceVersionDate "2018.02.10"]
[SourceQuality "1"]

1. e4 c5 2. Nf3 d6 3. d4 cxd4 4. Nxd4 Nf6 5. Nc3 g6 6. g3 Bg7 7. Bg2 O-O 8. h3
Nc6 9. Nde2 Bd7 10. O-O Rb8 11. a4 a6 12. Nd5 b5 13. axb5 axb5 14. Nef4 Re8 15.
Nxf6+ Bxf6 16. Nd5 Bg7 17. Ra2 Qc8 18. Kh2 b4 19. b3 Ra8 20. Nb6 Rxa2 21. Nxc8
Rxc8 22. Be3 Nd8 23. Bd4 Bb5 24. Rg1 Bf8 25. Bb6 Ne6 26. Qd2 Rc3 27. Rc1 Bd3
28. Ba5 Bxc2 29. Bxb4 Rd3 30. Qe2 Nd4 31. Qf1 Rxb3 32. Qc4 Ra4 33. Qxd4 Rbxb4
34. Qe3 Bxe4 35. Rc8 Kg7 36. Qc3+ f6 37. Qc7 Rb7 38. Qd8 1-0

[Event "Gibraltar ChallWk1 12th"]
[Site "Gibraltar"]
[Date "2014.01.27"]
[Round "1.30"]
[White "Haddock, Paul"]
[Black "Pabalan, Rocky"]
[Result "0-1"]
[WhiteElo "1649"]
[BlackElo "2103"]
[PlyCount "130"]
[EventDate "2014.01.27"]
[EventType "swiss"]
[EventRounds "5"]
[EventCountry "GGB"]
[SourceTitle "BritBase"]
[Source "www.saund.co.uk"]
[SourceDate "2018.02.10"]
[SourceVersion "1"]
[SourceVersionDate "2018.02.10"]
[SourceQuality "1"]

1. e4 c5 2. Nf3 g6 3. d4 cxd4 4. Nxd4 Nc6 5. c4 Nf6 6. Nc3 d6 7. Be2 Nxd4 8.
Qxd4 Bg7 9. Be3 O-O 10. Qd2 Be6 11. Bh6 Qa5 12. Bxg7 Kxg7 13. b3 Rfc8 14. f3 a6
15. Nd5 Qxd2+ 16. Kxd2 Bxd5 17. cxd5 a5 18. Rhc1 Nd7 19. Rxc8 Rxc8 20. Bb5 Nb6
21. Rc1 Rxc1 22. Kxc1 Kf6 23. Kd2 e6 24. dxe6 fxe6 25. f4 e5 26. g3 h6 27. Kd3
Ke7 28. fxe5 dxe5 29. Kc3 Nc8 30. Bc4 Nd6 31. Bd5 b6 32. a4 Ne8 33. Kc4 Nd6+
34. Kc3 g5 35. g4 Ne8 36. Kc4 Kd6 37. h3 Nf6 38. Bb7 h5 39. gxh5 Nxh5 40. Bc8
Nf4 41. Kb5 Kc7 42. Bf5 Nd3 43. Kc4 Nb4 44. Bg4 Kc6 45. Be6 Nc2 46. Bd5+ Kc7
47. Be6 Kd6 48. Bc8 Kc6 49. Bg4 Kd6 50. Bc8 Ne3+ 51. Kb5 Kc7 52. Be6 Nc2 53.
Kc4 Ne3+ 54. Kd3 Ng2 55. Kc4 Kc6 56. Bc8 Ne3+ 57. Kd3 Nd1 58. Kc4 Ne3+ 59. Kd3
Ng2 60. Kc4 Nf4 61. Bf5 Nh5 62. Bg4 Nf6 63. Bf5 Ne8 64. Bg4 Nd6+ 65. Kd3 Kc5
0-1

[Event "Gibraltar ChallWk1 12th"]
[Site "Gibraltar"]
[Date "2014.01.27"]
[Round "1.34"]
[White "Schouten, Freek"]
[Black "Galvan, Jesus"]
[Result "0-1"]
[WhiteElo "2069"]
[BlackElo "2241"]
[PlyCount "94"]
[EventDate "2014.01.27"]
[EventType "swiss"]
[EventRounds "5"]
[EventCountry "GGB"]
[SourceTitle "BritBase"]
[Source "www.saund.co.uk"]
[SourceDate "2018.02.10"]
[SourceVersion "1"]
[SourceVersionDate "2018.02.10"]
[SourceQuality "1"]

1. d4 Nc6 2. Nf3 d6 3. e4 Nf6 4. Nc3 Bg4 5. Be2 e6 6. Be3 d5 7. e5 Nd7 8. O-O
Be7 9. Ne1 Bf5 10. Qd2 Nb6 11. g4 Bg6 12. f4 Qd7 13. Bd3 Bxd3 14. Nxd3 h5 15.
g5 O-O-O 16. h4 f6 17. Rf3 Nc4 18. Qe2 Rhf8 19. b3 fxe5 20. fxe5 Nxe3 21. Rxf8
Rxf8 22. Qxe3 Nb4 23. Nxb4 Bxb4 24. Rf1 Rxf1+ 25. Kxf1 Qc6 26. Ne2 Qxc2 27. Qf3
b6 28. Qxh5 Qb1+ 29. Kg2 Qe4+ 30. Kf2 Bd2 31. a4 Kb7 32. g6 a5 33. Qf3 Be1+ 34.
Kg2 Qxg6+ 35. Kh3 Qh7 36. Ng3 Qg6 37. Ne2 Bd2 38. Ng3 Qc2 39. Qf7 Qxb3 40. Qxg7
Bf4 41. h5 Qe3 42. Qg6 b5 43. axb5 a4 44. h6 Bxg3 45. Qxg3 Qxh6+ 46. Kg2 Qd2+
47. Kf1 Qd1+ 0-1

[Event "Gibraltar ChallWk1 12th"]
[Site "Gibraltar"]
[Date "2014.01.27"]
[Round "1.35"]
[White "Scharrer, Patrick"]
[Black "Nyland, Thomas"]
[Result "0-1"]
[WhiteElo "2220"]
[BlackElo "2047"]
[PlyCount "86"]
[EventDate "2014.01.27"]
[EventType "swiss"]
[EventRounds "5"]
[EventCountry "GGB"]
[SourceTitle "BritBase"]
[Source "www.saund.co.uk"]
[SourceDate "2018.02.10"]
[SourceVersion "1"]
[SourceVersionDate "2018.02.10"]
[SourceQuality "1"]

1. e4 e5 2. Nf3 Nc6 3. Bc4 Bc5 4. c3 Nf6 5. d3 O-O 6. Nbd2 d6 7. Nf1 Ne7 8. Bg5
Ng6 9. Nh4 Nxe4 10. dxe4 Qxg5 11. Nxg6 Qxg2 12. Qe2 hxg6 13. Ng3 Bg4 14. Qd2
Kh8 15. Rf1 Bf3 16. Bd3 Rad8 17. Qg5 d5 18. Qxe5 dxe4 19. Qxc5 exd3 20. Kd2 Be2
21. Rg1 Qf3 22. Qe3 Qxe3+ 23. fxe3 Rd5 24. Nxe2 dxe2+ 25. Kxe2 Rfd8 26. Rad1
Rxd1 27. Rxd1 Rxd1 28. Kxd1 Kh7 29. Ke2 Kh6 30. Kf3 Kg5 31. Kg3 Kf5 32. Kf3 g5
33. h3 c5 34. c4 b6 35. b3 Ke5 36. a3 f5 37. b4 a5 38. bxa5 bxa5 39. a4 g6 40.
Kg3 Ke4 41. Kf2 f4 42. exf4 gxf4 43. h4 f3 0-1

[Event "Gibraltar ChallWk1 12th"]
[Site "Gibraltar"]
[Date "2014.01.27"]
[Round "1.36"]
[White "Pena Riasco, Alexander"]
[Black "Tortolero, Cesar"]
[Result "1-0"]
[WhiteElo "2154"]
[BlackElo "1952"]
[PlyCount "99"]
[EventDate "2014.01.27"]
[EventType "swiss"]
[EventRounds "5"]
[EventCountry "GGB"]
[SourceTitle "BritBase"]
[Source "www.saund.co.uk"]
[SourceDate "2018.02.10"]
[SourceVersion "1"]
[SourceVersionDate "2018.02.10"]
[SourceQuality "1"]

1. e4 c5 2. Nf3 e6 3. d4 cxd4 4. Nxd4 a6 5. Nc3 Qc7 6. f4 Nc6 7. Nxc6 bxc6 8.
e5 d6 9. exd6 Bxd6 10. Qf3 Nf6 11. Bd2 Bb7 12. Bd3 c5 13. Ne4 Be7 14. O-O O-O
15. c4 Nxe4 16. Bxe4 Bxe4 17. Qxe4 Bf6 18. Qc2 Bd4+ 19. Kh1 Rab8 20. Rab1 f5
21. b3 Qf7 22. Rbe1 Qf6 23. Re2 Rb6 24. Qd3 Rd6 25. Qf3 Rfd8 26. Rfe1 h6 27.
Ba5 Rc8 28. Qb7 Rdc6 29. Rxe6 Rxe6 30. Qxc8+ Kf7 31. Qd7+ Re7 32. Rxe7+ Qxe7
33. Qxf5+ Kg8 34. Qc8+ Kh7 35. Qf5+ Kg8 36. Qd3 Qh4 37. Qf3 Qf6 38. Bc7 Qe7 39.
Qd5+ Kh8 40. Qd8+ Qxd8 41. Bxd8 Kg8 42. Bb6 Kf7 43. b4 Ke6 44. Bxc5 Bxc5 45.
bxc5 Kd7 46. g4 Kc6 47. g5 hxg5 48. fxg5 Kxc5 49. h4 Kxc4 50. h5 1-0

[Event "Gibraltar ChallWk1 12th"]
[Site "Gibraltar"]
[Date "2014.01.27"]
[Round "1.37"]
[White "Georgieva, Emilia"]
[Black "Rodriguez Alvarez, Vidal"]
[Result "1/2-1/2"]
[WhiteElo "1933"]
[BlackElo "2166"]
[PlyCount "70"]
[EventDate "2014.01.27"]
[EventType "swiss"]
[EventRounds "5"]
[EventCountry "GGB"]
[SourceTitle "BritBase"]
[Source "www.saund.co.uk"]
[SourceDate "2018.02.10"]
[SourceVersion "1"]
[SourceVersionDate "2018.02.10"]
[SourceQuality "1"]

1. d4 Nf6 2. Nf3 d5 3. Bg5 Ne4 4. Bf4 c5 5. e3 Nc6 6. c3 Bf5 7. Nbd2 e6 8. Nxe4
Bxe4 9. Be2 Bd6 10. Bxd6 Qxd6 11. O-O O-O 12. Ng5 Bg6 13. f4 h6 14. Nf3 cxd4
15. Nxd4 Rac8 16. Nxc6 Rxc6 17. Bd3 Qc5 18. Re1 Bxd3 19. Qxd3 Rb6 20. Re2 g6
21. Qd4 Qb5 22. Rf2 Rc8 23. b3 Qa5 24. Rc1 Rbc6 25. Rfc2 h5 26. h3 Qc5 27. g4
hxg4 28. hxg4 b5 29. Kf2 a5 30. Qf6 Qf8 31. g5 Qg7 32. Qxg7+ Kxg7 33. Ke2 Rh8
34. Kd3 Kf8 35. c4 dxc4+ 1/2-1/2

[Event "Gibraltar ChallWk1 12th"]
[Site "Gibraltar"]
[Date "2014.01.27"]
[Round "1.38"]
[White "Severijnen, Arjon"]
[Black "Sevillano Garcia, Joaquin"]
[Result "1-0"]
[WhiteElo "2147"]
[BlackElo "1923"]
[PlyCount "79"]
[EventDate "2014.01.27"]
[EventType "swiss"]
[EventRounds "5"]
[EventCountry "GGB"]
[SourceTitle "BritBase"]
[Source "www.saund.co.uk"]
[SourceDate "2018.02.10"]
[SourceVersion "1"]
[SourceVersionDate "2018.02.10"]
[SourceQuality "1"]

1. e4 e6 2. d4 d5 3. Nc3 dxe4 4. Nxe4 Nf6 5. Bg5 Be7 6. Bxf6 gxf6 7. Nf3 b6 8.
Bb5+ c6 9. Bc4 Bb7 10. Qe2 Nd7 11. O-O-O Qc7 12. Nc3 O-O-O 13. d5 cxd5 14. Bxd5
Nc5 15. Bxb7+ Kxb7 16. g3 a6 17. Nd4 b5 18. Rhe1 Rhe8 19. Qf3+ Kb6 20. b4 Na4
21. Nxa4+ bxa4 22. a3 Qc4 23. Qe3 Kb7 24. Kb1 Rd5 25. Qd3 Qxd3 26. Rxd3 Red8
27. Red1 f5 28. c4 R5d7 29. Kc2 Bf6 30. Nxe6 Rxd3 31. Nc5+ Kc6 32. Rxd3 Rxd3
33. Nxd3 Bd4 34. f3 Kd6 35. Nb2 h5 36. Nxa4 Bg1 37. h3 Ke5 38. Nc3 Bh2 39. Ne2
Kd6 40. Kd3 1-0

[Event "Gibraltar ChallWk1 12th"]
[Site "Gibraltar"]
[Date "2014.01.27"]
[Round "1.39"]
[White "Becking, Franz Josef"]
[Black "Perez Garcia, Alejandro"]
[Result "0-1"]
[WhiteElo "1969"]
[BlackElo "2070"]
[PlyCount "58"]
[EventDate "2014.01.27"]
[EventType "swiss"]
[EventRounds "5"]
[EventCountry "GGB"]
[SourceTitle "BritBase"]
[Source "www.saund.co.uk"]
[SourceDate "2018.02.10"]
[SourceVersion "1"]
[SourceVersionDate "2018.02.10"]
[SourceQuality "1"]

1. d4 d5 2. Bf4 Nf6 3. e3 g6 4. Bd3 Bg7 5. h3 Nbd7 6. Nf3 b6 7. O-O Bb7 8. Nbd2
O-O 9. Ne5 c5 10. c3 Nxe5 11. Bxe5 Nd7 12. Bxg7 Kxg7 13. Nf3 Qc7 14. Re1 e5 15.
dxe5 Nxe5 16. Nxe5 Qxe5 17. Qe2 Rfe8 18. Ba6 Bxa6 19. Qxa6 d4 20. cxd4 cxd4 21.
Qa3 Rad8 22. Qxa7 dxe3 23. Qxb6 e2 24. Qb4 Rd3 25. Qb6 Red8 26. f4 Qe4 27. Qa5
R8d5 28. Qc7 Rg3 29. a3 Qxg2# 0-1

[Event "Gibraltar ChallWk1 12th"]
[Site "Gibraltar"]
[Date "2014.01.27"]
[Round "1.40"]
[White "Becham, Khalid"]
[Black "Oliveira, Maria Alice Ramos M"]
[Result "1-0"]
[WhiteElo "2122"]
[BlackElo "1466"]
[PlyCount "59"]
[EventDate "2014.01.27"]
[EventType "swiss"]
[EventRounds "5"]
[EventCountry "GGB"]
[SourceTitle "BritBase"]
[Source "www.saund.co.uk"]
[SourceDate "2018.02.10"]
[SourceVersion "1"]
[SourceVersionDate "2018.02.10"]
[SourceQuality "1"]

1. e4 e5 2. Nf3 Nc6 3. d4 exd4 4. Bc4 Nf6 5. O-O Bc5 6. e5 d5 7. exf6 dxc4 8.
Re1+ Be6 9. Ng5 gxf6 10. Nxe6 fxe6 11. Qh5+ Ke7 12. Qxc5+ Kf7 13. Qh5+ Ke7 14.
Nd2 Ne5 15. Ne4 Ng6 16. Nxf6 Qd6 17. Ne4 Qc6 18. Qg5+ Ke8 19. h4 Rf8 20. Nf6+
Kf7 21. Nxh7 Rg8 22. Qf6+ Ke8 23. Rxe6+ Kd7 24. Qf7+ Ne7 25. Qxe7+ Kc8 26. Rxc6
bxc6 27. Bf4 Kb7 28. Qxc7+ Ka6 29. Qxc6+ Ka5 30. Bc7+ 1-0

[Event "Gibraltar ChallWk1 12th"]
[Site "Gibraltar"]
[Date "2014.01.28"]
[Round "2.1"]
[White "Faika, Michael"]
[Black "Nicolas Zapata, Irene"]
[Result "0-1"]
[WhiteElo "2147"]
[BlackElo "2249"]
[PlyCount "102"]
[EventDate "2014.01.27"]
[EventType "swiss"]
[EventRounds "5"]
[EventCountry "GGB"]
[SourceTitle "BritBase"]
[Source "www.saund.co.uk"]
[SourceDate "2018.02.10"]
[SourceVersion "1"]
[SourceVersionDate "2018.02.10"]
[SourceQuality "1"]

1. a3 d5 2. e4 dxe4 3. Nc3 Nf6 4. d3 Bg4 5. Qd2 exd3 6. Bxd3 g6 7. Qg5 Nc6 8.
h3 Be6 9. Nf3 Nd5 10. Ne4 f5 11. Ng3 Qd6 12. O-O O-O-O 13. c4 Nf6 14. Rd1 Ne4
15. Nxe4 fxe4 16. Bf4 Qxd3 17. Rxd3 exd3 18. Rd1 Bg7 19. Be5 Nxe5 20. Nxe5 Bxe5
21. Qxe5 Bxc4 22. Rc1 d2 23. Rd1 Rhf8 24. Qc3 Bd5 25. Rxd2 e6 26. Qg7 h5 27. f3
Rg8 28. Qh7 Kb8 29. b4 a6 30. h4 Rdf8 31. Rd4 g5 32. Kf2 g4 33. f4 Rh8 34. Qg7
Rhg8 35. Qh6 g3+ 36. Kg1 Rf5 37. Rd3 Rg4 38. Qh8+ Ka7 39. Qc3 Rgxf4 40. Rxg3
Rc4 41. Qe3+ b6 42. Rg5 Rff4 43. Rxh5 Rg4 44. Rg5 Rxh4 45. Rg3 Rc2 46. Rg7 Re4
47. Qg3 Kb7 48. Rf7 Ree2 49. Kf1 Bxg2+ 50. Kg1 Rc1+ 51. Kh2 Rh1# 0-1

[Event "Gibraltar ChallWk1 12th"]
[Site "Gibraltar"]
[Date "2014.01.28"]
[Round "2.2"]
[White "Allor, Chukwuka"]
[Black "Martinez Reyes, Pedro Ramon"]
[Result "0-1"]
[WhiteElo "2138"]
[BlackElo "2246"]
[PlyCount "102"]
[EventDate "2014.01.27"]
[EventType "swiss"]
[EventRounds "5"]
[EventCountry "GGB"]
[SourceTitle "BritBase"]
[Source "www.saund.co.uk"]
[SourceDate "2018.02.10"]
[SourceVersion "1"]
[SourceVersionDate "2018.02.10"]
[SourceQuality "1"]

1. Nf3 d5 2. g3 Nc6 3. d4 Bg4 4. Bg2 Qd7 5. h3 Bf5 6. c3 Nf6 7. Bf4 e6 8. Nbd2
Ne4 9. g4 Bg6 10. Nh4 Nxd2 11. Nxg6 hxg6 12. Qxd2 Bd6 13. e4 Bxf4 14. Qxf4
O-O-O 15. exd5 exd5 16. O-O-O f6 17. h4 Qd6 18. Qxd6 Rxd6 19. h5 g5 20. Bf1 Nd8
21. Bd3 Ne6 22. Bf5 Kd8 23. Rhe1 Nf4 24. Re3 b6 25. b4 Ng2 26. Re2 Re8 27.
Rxe8+ Kxe8 28. Rg1 Nh4 29. Re1+ Kf7 30. Bd3 Re6 31. Rxe6 Kxe6 32. Kd2 f5 33.
Be2 Kd6 34. Ke3 a5 35. a3 Ng2+ 36. Kd2 fxg4 37. Bxg4 Nf4 38. Ke3 Kc6 39. a4 Kd6
40. bxa5 bxa5 41. Kd2 c5 42. Ke3 c4 43. Be2 Nxe2 44. Kxe2 Ke6 45. f3 Kf5 46.
Ke3 g4 47. f4 g3 48. Kf3 g2 49. Kxg2 Kxf4 50. Kh3 Kg5 51. Kg3 Kxh5 0-1

[Event "Gibraltar ChallWk1 12th"]
[Site "Gibraltar"]
[Date "2014.01.28"]
[Round "2.3"]
[White "Samu, Sorin-Mihai"]
[Black "Sanchez Botella, Luis Javier"]
[Result "1-0"]
[WhiteElo "2131"]
[BlackElo "2241"]
[PlyCount "99"]
[EventDate "2014.01.27"]
[EventType "swiss"]
[EventRounds "5"]
[EventCountry "GGB"]
[SourceTitle "BritBase"]
[Source "www.saund.co.uk"]
[SourceDate "2018.02.10"]
[SourceVersion "1"]
[SourceVersionDate "2018.02.10"]
[SourceQuality "1"]

1. c4 Nf6 2. Nc3 c5 3. g3 e6 4. Bg2 Be7 5. e4 d6 6. Nge2 O-O 7. O-O Nc6 8. a3
Rb8 9. Rb1 b6 10. b4 Bb7 11. d3 Qd7 12. Re1 Rfd8 13. Bf4 h6 14. h3 Bf8 15. g4
Rbc8 16. Be3 Ba8 17. f4 g6 18. Rf1 Bg7 19. Qd2 Kh7 20. b5 Ne7 21. Bf2 Nfg8 22.
a4 f5 23. Ng3 Rf8 24. Nce2 e5 25. gxf5 gxf5 26. Be3 Rf7 27. Rf2 exf4 28. Rxf4
Be5 29. Rf2 Rg7 30. Nh5 Rg6 31. Rbf1 fxe4 32. Rf7+ Kh8 33. Nef4 Rg5 34. d4 cxd4
35. Bxd4 Qe8 36. Ne6 Rxh5 37. Nf8 Nf6 38. Bxe5 Qxf7 39. Rxf6 Kg8 40. Rxf7 Rxe5
41. Qxd6 Kxf7 42. Qxe5 Kxf8 43. h4 Kf7 44. Bh3 Rg8+ 45. Kf2 Rf8 46. Be6+ Kg6+
47. Ke2 Rf6 48. h5+ Kg7 49. Bd7 Kf7 50. Be8+ 1-0